000 00926nam a2200253Ia 4500
003 GCL
008 140319s9999 xx 000 0 ara d
040 _aGCL /
_cGCL
082 0 4 _a966.1
_bم ج
100 1 _aمعهد البحوث والدراسات العربية
245 1 0 _aالجمهورية الاسلامية الموريتانية دراسة مسحية شاملة /
_cمعهد البحوث والدراسات العربية
260 _a[S.N] :
_bمعهد البحوث والدراسات العربية ،
_c1978
300 _a874 ص
490 _a
650 0 4 _aالعصر الحديث
650 0 4 _aتاريخ
650 0 4 _aالجغرافيا الطبيعية
650 0 4 _aالاحوال الاقتصادية
650 0 4 _aموريتانيا
650 0 4 _aالمناخ
650 0 4 _aالاحتلال الفرنسى
650 0 4 _aالجيومورفولوجيا المناخية
942 _2ddc
_cBK
999 _c28096
_d28096